[Event "Viva Zidane! (French Defense) "]
[Site "SchemingMind.com"]
[Date "2006.08.23"]
[Round "-"]
[White "Mariazb"]
[Black "markjburden"]
[Result "1-0"]
[WhiteCountry "ARG"]
[BlackCountry "GBR"]
[WhiteElo "1996"]
[WhiteRD "101"]
[BlackElo "1613"]
[BlackRD "71"]
[GameID "64990"]

1. e4 e6 2. Nc3 Nf6 3. e5 Nd5 4. Bc4 Nb6 5. Bb5 c6 6. Be2 d5 7. Nf3 Be7 8. d4 N8d7 9. O-O c5 10. Nb5 a6
11. Nd6+ Bxd6 12. exd6 cxd4 13. Qxd4 O-O 14. b3 h6 15. Bb2 Nf6 16. a4 Nbd7 17. Rfe1 b6 18. Ne5 Nc5 19. a5 Ncd7 20. Nxd7 Bxd7
21. axb6 Re8 22. b7 Rb8 23. Bxa6 Bc6 24. Qb4 Ne4 25. Rxe4 dxe4 26. Qc3 e5 27. Qxc6
1-0

[Event "Viva Zidane! (French Defense) "]
[Site "SchemingMind.com"]
[Date "2006.08.23"]
[Round "-"]
[White "Dread"]
[Black "markjburden"]
[Result "1-0"]
[WhiteCountry "GER"]
[BlackCountry "GBR"]
[WhiteElo "1895"]
[WhiteRD "83"]
[BlackElo "1613"]
[BlackRD "71"]
[GameID "64991"]

1. e4 e6 2. d4 d5 3. exd5 exd5 4. Be2 Be6 5. Nf3 Nc6 6. O-O Bd6 7. Nc3 Nf6 8. Bg5 Qd7 9. a4 h6 10. Bxf6 gxf6
11. Nb5 Be7 12. c3 a6 13. Na3 Rg8 14. Nc2 O-O-O 15. b4 Bh3 16. Nfe1 Bd6 17. Ne3 Bxg2 18. N1xg2 Qh3 19. Bg4+ Rxg4 20. Qxg4+ Qxg4
21. Nxg4 f5 22. Nf6 Be7 23. Nh5 Bg5 24. f4 Be7 25. b5 axb5 26. axb5 Nb8 27. Ng3 Rg8 28. Nxf5 Bf8 29. Rfe1 b6 30. Re8+ Kb7
31. Kf1 Nd7 32. Ne7 Rg4 33. Nc6
1-0

[Event "Viva Zidane! (French Defense) "]
[Site "SchemingMind.com"]
[Date "2006.08.26"]
[Round "-"]
[White "Marcos Natal"]
[Black "markjburden"]
[Result "1/2-1/2"]
[WhiteCountry "BRA"]
[BlackCountry "GBR"]
[WhiteElo "1451"]
[WhiteRD "117"]
[BlackElo "1667"]
[BlackRD "63"]
[GameID "64992"]

1. e4 e6 2. Nc3 Bb4 3. a3 Ba5 4. b4 Bb6 5. Nf3 Nf6 6. Bb2 O-O 7. Be2 c5 8. d3 d6 9. O-O Bd7 10. h3 Na6
11. bxc5 Nxc5 12. Na2 Bc6 13. Nc3 e5 14. Qd2 Ne6 15. a4 Nf4 16. Ba3 Re8 17. Nb5 Bxb5 18. axb5 Rc8 19. c4 h6 20. Nh2 Bc7
21. Bb2 Qd7 22. Ng4 N4h5 23. Nxf6+ Nxf6 24. Rxa7 Bb6 25. Raa1 Bc5 26. Kh1 Nh7 27. Bg4 Qe7 28. Bxc8 Rxc8 29. Ba3 b6 30. Bxc5 dxc5
31. Ra6 Qd6 32. Rfa1 Ng5 33. Ra8 Rd8 34. R1a6 Rxa8 35. Rxa8+ Kh7 36. Qe2 Qf6 37. Qg4 Qe7 38. h4 Ne6 39. h5 Qb7 40. Qf5+ g6
41. hxg6+ fxg6 42. Qxe6 Qxa8 43. Qxb6 Qa1+ 44. Kh2 Qd4 45. Qc7+ Kg8 46. b6 Qxf2 47. b7 Qh4+ 48. Kg1 Qe1+ 49. Kh2 Qh4+ 50. Kg1 Qe1+
51. Kh2 Qh4+ 52. Kg1
1/2-1/2

[Event "Viva Zidane! (French Defense) "]
[Site "SchemingMind.com"]
[Date "2006.08.24"]
[Round "-"]
[White "GrischukFan"]
[Black "Louis Lima"]
[Result "1-0"]
[WhiteCountry "GER"]
[BlackCountry "ESP"]
[WhiteElo "2090"]
[WhiteRD "110"]
[BlackElo "1682"]
[BlackRD "55"]
[GameID "65010"]

1. e4 e6 2. d4 c5 3. c3 cxd4 4. cxd4 Nf6 5. Nc3 d5 6. e5 Nfd7 7. Nf3 Nc6 8. Bd3 Be7 9. O-O Nb4 10. Bb1 a6
11. Be3 Nb6 12. Nd2 Bd7 13. Qg4 g6 14. Bh6 Rc8 15. a3 Nc6 16. Bd3 Na7 17. Qh3 Bg5 18. Bg7 Rg8 19. Bh6 Be7 20. Rfc1 Bc6
21. Rc2 Kd7 22. Rac1 Kc7 23. Qf3 Qe8 24. a4 Kb8 25. a5 Nd7 26. Nb3 Qd8 27. Qxf7
1-0

[Event "Viva Zidane! (French Defense) "]
[Site "SchemingMind.com"]
[Date "2006.08.24"]
[Round "-"]
[White "GrischukFan"]
[Black "markjburden"]
[Result "1-0"]
[WhiteCountry "GER"]
[BlackCountry "GBR"]
[WhiteElo "2073"]
[WhiteRD "119"]
[BlackElo "1613"]
[BlackRD "71"]
[GameID "65011"]

1. e4 e6 2. d4 d5 3. Nc3 c5 4. exd5 exd5 5. dxc5 Bxc5 6. Bb5+ Bd7 7. Qxd5 Qe7+ 8. Qe4 Nc6 9. Nge2 Nf6 10. Qxe7+ Bxe7
11. O-O O-O-O 12. Be3 Kb8 13. Rfe1 h6 14. Rad1 a6 15. Bc4 Rhf8 16. Bb6 Rc8 17. Nf4 Bb4 18. Nd3 Bxc3 19. bxc3 Na7 20. Bc5 Rfe8
21. Bxf7 Rxe1+ 22. Rxe1 Nb5 23. c4 Nc3 24. Bd4 Nxa2 25. c5
1-0

[Event "Viva Zidane! (French Defense) "]
[Site "SchemingMind.com"]
[Date "2006.08.24"]
[Round "-"]
[White "GrischukFan"]
[Black "Dr_Pat"]
[Result "1-0"]
[WhiteCountry "GER"]
[BlackCountry "USA"]
[WhiteElo "2073"]
[WhiteRD "119"]
[BlackElo "1490"]
[BlackRD "48"]
[GameID "65012"]

1. e4 e6 2. d4 d5 3. e5 c5 4. c3 Nc6 5. Nf3 Qb6 6. a3 c4 7. Nbd2 Nge7 8. Bxc4 dxc4 9. Nxc4 Qd8 10. Nd6+ Kd7
11. Nxf7 Qe8 12. Nxh8
1-0

[Event "Viva Zidane! (French Defense) "]
[Site "SchemingMind.com"]
[Date "2006.08.24"]
[Round "-"]
[White "GrischukFan"]
[Black "Mariazb"]
[Result "1-0"]
[WhiteCountry "GER"]
[BlackCountry "ARG"]
[WhiteElo "2149"]
[WhiteRD "99"]
[BlackElo "2128"]
[BlackRD "81"]
[GameID "65014"]

1. e4 e6 2. d4 d5 3. e5 c5 4. c3 Nc6 5. Nf3 Qb6 6. a3 cxd4 7. cxd4 Nge7 8. b4 Nf5 9. Bb2 Be7 10. Bd3 Bd7
11. O-O Ncxd4 12. Nxd4 Nxd4 13. Qg4 Nb3 14. Qxg7 O-O-O 15. Qxf7 Bg5 16. Ra2 Kb8 17. Qh5 Rdg8 18. Qd1 Nd4 19. Kh1 Bf4 20. Re1 h5
21. Nd2 h4 22. Bxd4 Qxd4 23. Nb3 Qb6 24. Nc5 Bc8 25. Rc2 Rg5 26. Bf1 Rf8 27. Qa1 Qd8 28. Qd4 Rgf5 29. a4 Ka8 30. Nd3 Bd7
31. b5 R5f7 32. Qb4 Bg5 33. Rb1 Be3 34. Kg1 Bb6 35. Rbc1 Qe7 36. Qc3 Qd8 37. Nc5 Kb8 38. Qa3 Bxc5 39. Qxc5 Qb6 40. Qxb6 axb6
41. g3 hxg3 42. hxg3 Rg7 43. Bh3 Rg5 44. Re2 Rf4 45. Ra1 Rc4 46. Kh2 Rg8 47. Raa2 Rb4 48. Re3 Rh8 49. f4 Rc4 50. Kg2 Rg8
51. Kf3 Rh8 52. Bg4 Rc1 53. Rd3 Rhh1 54. Rxd5 Rhf1+ 55. Rf2 Rc3+ 56. Kg2 exd5 57. Bxd7 Rxf2+ 58. Kxf2 Kc7 59. Be6 Rc4 60. Bxd5 Rxa4
61. f5 Rd4 62. Bf7 Re4 63. e6 Kd6 64. f6 Rxe6 65. Bxe6 Kxe6 66. Ke3 Kxf6 67. Kf4 Kg6 68. Ke5
1-0

[Event "Viva Zidane! (French Defense) "]
[Site "SchemingMind.com"]
[Date "2006.08.23"]
[Round "-"]
[White "GrischukFan"]
[Black "Dread"]
[Result "1-0"]
[WhiteCountry "GER"]
[BlackCountry "GER"]
[WhiteElo "2073"]
[WhiteRD "119"]
[BlackElo "1895"]
[BlackRD "83"]
[GameID "65015"]

1. e4 e6 2. d4 d5 3. e5 c5 4. c3 Ne7 5. Nf3 Nbc6 6. Na3 Ng6 7. Nc2 Qb6 8. h4 c4 9. h5 Nge7 10. h6 g6
11. Ne3 Nf5 12. Ng4 Be7 13. Qc2 Qd8 14. Bf4 O-O 15. Be2 b5 16. Qd2 b4 17. Bg5 Bxg5 18. Nxg5 bxc3 19. bxc3 f6 20. Nxf6+ Rxf6
21. exf6 Qxf6 22. Bg4 Rb8 23. O-O Nxh6 24. Bxe6+ Bxe6 25. Nxe6
1-0

[Event "Viva Zidane! (French Defense) "]
[Site "SchemingMind.com"]
[Date "2006.08.24"]
[Round "-"]
[White "GrischukFan"]
[Black "Marcos Natal"]
[Result "1-0"]
[WhiteCountry "GER"]
[BlackCountry "BRA"]
[WhiteElo "2090"]
[WhiteRD "110"]
[BlackElo "1451"]
[BlackRD "117"]
[GameID "65016"]

1. e4 e6 2. d4 d5 3. Nc3 Bb4 4. e5 Bxc3+ 5. bxc3 Ne7 6. Qg4 Ng6 7. h4 f5 8. Qg3 b6 9. h5 Ne7 10. Qxg7 Kd7
11. Nf3 Ba6 12. Ng5 Bxf1 13. Kxf1 Qg8 14. Qxg8 Nxg8 15. Nf7 Ne7 16. Nxh8 Nbc6 17. Nf7 Rf8 18. Ng5 h6 19. Nh7 Rh8 20. Nf6+ Kc8
21. Rh3 Ng8 22. Nxg8 Rxg8 23. Bxh6 Kb7 24. Be3 Na5 25. h6 Nc4 26. Bg5 Rxg5 27. h7 Nd2+ 28. Kg1 Nf3+ 29. Rxf3 Rh5 30. Rh3 Rxh3
31. gxh3 a5 32. h8=Q b5 33. Rb1 Kb6 34. Qb8+ Kc6 35. Qxb5#
1-0

[Event "Viva Zidane! (French Defense) "]
[Site "SchemingMind.com"]
[Date "2006.08.23"]
[Round "-"]
[White "Louis Lima"]
[Black "GrischukFan"]
[Result "0-1"]
[WhiteCountry "ESP"]
[BlackCountry "GER"]
[WhiteElo "1726"]
[WhiteRD "60"]
[BlackElo "2119"]
[BlackRD "106"]
[GameID "65018"]

1. e4 e6 2. d4 d5 3. exd5 exd5 4. Bd3 Nf6 5. Nf3 Be7 6. O-O Bg4 7. Re1 O-O 8. Bf4 Re8 9. Nbd2 Nbd7 10. c3 c5
11. Rc1 c4 12. Bb1 b5 13. Qc2 g6 14. Ne5 Nxe5 15. Bxe5 Bf8 16. Nf1 Nd7 17. Bf4 Bf5 18. Qd2 Bxb1 19. Rxb1 Nf6 20. Ng3 Qb6
21. Be5 Ng4 22. Bf4 a5 23. h3 Nf6 24. Rxe8 Rxe8 25. Re1 Rxe1+ 26. Qxe1 b4 27. Qe5 b3 28. axb3 cxb3 29. Bg5 a4 30. Bc1 Qa6
31. Qb8 Qd3 32. Bh6 Nd7 33. Qa8 Qb1+
0-1

[Event "Viva Zidane! (French Defense) "]
[Site "SchemingMind.com"]
[Date "2006.08.24"]
[Round "-"]
[White "markjburden"]
[Black "GrischukFan"]
[Result "0-1"]
[WhiteCountry "GBR"]
[BlackCountry "GER"]
[WhiteElo "1613"]
[WhiteRD "71"]
[BlackElo "2073"]
[BlackRD "119"]
[GameID "65019"]

1. e4 e6 2. Nc3 c5 3. Bb5 a6 4. Be2 Nc6 5. Nf3 Nf6 6. d3 d5 7. O-O d4 8. Nb1 e5 9. Bg5 Be7 10. h3 O-O
11. Nbd2 b5 12. a3 Be6 13. b3 Nd7 14. h4 f6
0-1

[Event "Viva Zidane! (French Defense) "]
[Site "SchemingMind.com"]
[Date "2006.08.24"]
[Round "-"]
[White "Dr_Pat"]
[Black "GrischukFan"]
[Result "0-1"]
[WhiteCountry "USA"]
[BlackCountry "GER"]
[WhiteElo "1490"]
[WhiteRD "48"]
[BlackElo "2073"]
[BlackRD "119"]
[GameID "65020"]

1. e4 e6 2. d4 d5 3. Nc3 Bb4 4. Nf3 dxe4 5. Ne5 Nf6 6. Bg5 h6 7. Be3 O-O 8. Be2 Nd5 9. Bd2 Nxc3 10. Bxc3 Bxc3+
11. bxc3 Nd7 12. Nxd7 Bxd7 13. O-O Qg5 14. g3 c5 15. dxc5 Bc6 16. Rb1 Qxc5 17. c4 Rad8 18. Qe1 Rd7 19. Rd1 Rfd8 20. Rxd7 Rxd7
21. h4 Qa3 22. Kh2 Rd4 23. f3 exf3 24. Bxf3 Bxf3 25. Rxf3 Qxf3 26. Qh1 Rd2+
0-1

[Event "Viva Zidane! (French Defense) "]
[Site "SchemingMind.com"]
[Date "2006.08.23"]
[Round "-"]
[White "Mariazb"]
[Black "GrischukFan"]
[Result "1-0"]
[WhiteCountry "ARG"]
[BlackCountry "GER"]
[WhiteElo "2224"]
[WhiteRD "68"]
[BlackElo "2138"]
[BlackRD "96"]
[GameID "65022"]

1. e4 e6 2. d4 d5 3. e5 c5 4. c3 Nc6 5. Nf3 Bd7 6. Be2 Nge7 7. O-O Ng6 8. Be3 cxd4 9. cxd4 Be7 10. Nc3 O-O
11. Rc1 Rc8 12. Qd2 Na5 13. b3 Bb4 14. Bd3 Nc6 15. Qb2 f6 16. Bxg6 hxg6 17. a3 Be7 18. b4 g5 19. exf6 gxf6 20. Qe2 Rf7
21. Nd2 Rh7 22. h3 Qe8 23. Qf3 Kg7 24. Nb3 Qg6 25. Nc5 Bxc5 26. bxc5 Rch8 27. Qg4 Bc8 28. Qg3 g4 29. Qc7+ Qf7 30. Qg3 Kf8
31. Qd6+ Kg8 32. Kh2 Rg7 33. f3 gxh3 34. g4 Qg6 35. Rfd1 Rhh7 36. Qg3 Kh8 37. Nb5 Ne7 38. Nxa7 Nf5 39. Qf4 Bd7 40. Bf2 Nh6
41. c6 bxc6= 42. Nxc6 Rg8 43. a4 Rc8 44. Nb8 Rxc1 45. Rxc1 Bxa4 46. Na6 Ng8 47. Nc5 Bd7 48. Qd6 Qh6 49. Rc2 Bb5 50. Nxe6 Bc4
51. Rb2 Re7 52. Nf4 Ra7 53. Bh4 Ra6 54. Qb8 Ra7 55. Ng6+ Qxg6 56. Qxa7 Qh6 57. Bg3 Qc1 58. Qb8 Qe3 59. Qf4 Qxf4 60. Bxf4 Kg7
61. Rb7+ Kg6 62. Be3 Bf1 63. f4 Nh6 64. f5+ Nxf5 65. gxf5+ Kxf5 66. Kg3 Ke4 67. Re7+ Kd3 68. Bg1 f5 69. Re5 f4+ 70. Kxf4 h2
71. Bxh2 Kxd4 72. Bg1+ Kc4 73. Re1 Bg2 74. Rc1+ Kd3 75. Rd1+ Kc4 76. Ke5 Be4 77. Rc1+ Kd3 78. Bd4 Kd2 79. Rc3 Bg2 80. Kf4 Be4
81. Ra3 Ke2 82. Bc5 Kd2 83. Bb4+ Ke2 84. Rg3 Kd1 85. Ke3 Kc2 86. Kd4 Kd1 87. Re3 Kc2 88. Ra3 Kb2 89. Rc3 Ka2 90. Ke3
1-0

[Event "Viva Zidane! (French Defense) "]
[Site "SchemingMind.com"]
[Date "2006.08.23"]
[Round "-"]
[White "Dread"]
[Black "GrischukFan"]
[Result "1/2-1/2"]
[WhiteCountry "GER"]
[BlackCountry "GER"]
[WhiteElo "1946"]
[WhiteRD "82"]
[BlackElo "2090"]
[BlackRD "110"]
[GameID "65023"]

1. e4 e6 2. d4 d5 3. Nd2 c5 4. c3 cxd4 5. cxd4 dxe4 6. Nxe4 Bb4+ 7. Nc3 Nf6 8. Nf3 O-O 9. Bd2 Nc6 10. a3 Bd6
11. Be2 e5 12. dxe5 Nxe5 13. O-O Bd7 14. Bg5 Bc6 15. Nd4 Rc8 16. Rc1 Re8 17. Nf5 Re6 18. Qd4 Bb8 19. Qxd8+ Rxd8 20. Rfd1 Ree8
21. Bxf6 gxf6 22. b4 a6 23. a4 Kh8 24. b5 axb5 25. axb5 Bd7 26. Nd6 Bxd6 27. Rxd6 Be6 28. Rxd8 Rxd8 29. f4 Ng6 30. Bf3 b6
31. Na4 Rd4 32. Nxb6 Rb4 33. f5 Rxb5 34. fxe6 Rxb6 35. exf7 Kg7 36. Rc7 Rb5 37. Kf2 Ne5 38. f8=Q+ Kxf8 39. Rxh7 Kg8 40. Rc7 Nxf3
41. Kxf3 Rb3+ 42. Kg4 Rb4+ 43. Kh3 f5 44. Re7 Rb3+ 45. Kh4 Rb2 46. Kg3 Rb3+ 47. Kf4 Rb2 48. Kf3 Rb3+ 49. Re3 Rb4 50. Re5 Rb3+
51. Kf4 Rb2 52. Kg3 Rb3+ 53. Kh4 Rb2 54. Kh3 Rb3+ 55. g3 f4 56. Kg4=
1/2-1/2

[Event "Viva Zidane! (French Defense) "]
[Site "SchemingMind.com"]
[Date "2006.08.26"]
[Round "-"]
[White "Marcos Natal"]
[Black "GrischukFan"]
[Result "0-1"]
[WhiteCountry "BRA"]
[BlackCountry "GER"]
[WhiteElo "1451"]
[WhiteRD "117"]
[BlackElo "2090"]
[BlackRD "110"]
[GameID "65024"]

1. e4 e6 2. Nc3 c5 3. Nf3 Nc6 4. Bb5 Nge7 5. d3 a6 6. Ba4 b5 7. Bb3 d5 8. Bg5 c4 9. dxc4 dxc4 10. Qxd8+ Nxd8
11. O-O cxb3 12. axb3 Bb7 13. h3 Ng6 14. Nh4 Nxh4 15. Bxh4 b4 16. Na2 Bxe4 17. Rac1 Bd6 18. Rfe1 Bc6 19. Rcd1 Nb7 20. f3 a5
21. Nc1 O-O 22. Nd3 Rfc8 23. c3 bxc3 24. bxc3 a4 25. b4 Bb5 26. Nc1 Rxc3 27. Ne2 Rc4 28. Nd4 Rxb4 29. Nxb5 Rxb5 30. Kf2 a3
31. Ra1 g5 32. Bg3 Rb2+ 33. Kg1 Bxg3 34. Red1 a2 35. Kf1 Rd8 36. Rdc1 Rdd2 37. Rc7 Bxc7
0-1

[Event "Viva Zidane! (French Defense) "]
[Site "SchemingMind.com"]
[Date "2006.08.26"]
[Round "-"]
[White "iain"]
[Black "Louis Lima"]
[Result "1/2-1/2"]
[WhiteCountry "USA"]
[BlackCountry "ESP"]
[WhiteElo "1395"]
[WhiteRD "54"]
[BlackElo "1657"]
[BlackRD "49"]
[GameID "65229"]

1. e4 e6 2. d4 c5 3. c3 d5 4. e5 Nc6 5. Nf3 Qb6 6. Nbd2 cxd4 7. c4 Nge7 8. cxd5 Nxd5 9. Bd3 Ncb4 10. Nc4 Nxd3+
11. Qxd3 Bb4+ 12. Bd2 Bxd2+ 13. Ncxd2 Qxb2 14. O-O Qc3 15. Qxd4 Qxd4 16. Nxd4 Bd7 17. Rac1 Ke7 18. Ne4 Rhc8 19. Rxc8 Rxc8 20. f4 Bc6
21. Nc5 Ne3 22. Nxc6+ Rxc6 23. Rc1 b6= 24. Nb3 Rxc1+ 25. Nxc1 Kd7 26. Nb3 Nd5 27. g3 Nc3 28. a3 Nb5 29. a4 Nc3 30. a5 bxa5
31. Nxa5 Kc7 32. Kf2 Nb5 33. Ke3 Kb6 34. Nc4+ Kc5 35. Na5 Kb4 36. Nc6+= Kc5 37. Nd8=
1/2-1/2

[Event "Viva Zidane! (French Defense) "]
[Site "SchemingMind.com"]
[Date "2006.08.26"]
[Round "-"]
[White "iain"]
[Black "markjburden"]
[Result "0-1"]
[WhiteCountry "USA"]
[BlackCountry "GBR"]
[WhiteElo "1395"]
[WhiteRD "54"]
[BlackElo "1613"]
[BlackRD "71"]
[GameID "65230"]

1. e4 e6 2. d4 d5 3. e5 c5 4. Nf3 a6 5. c3 Nd7 6. Be2 b6 7. O-O Bb7 8. a3 Ne7 9. b4 c4 10. a4 Ng6
11. b5 axb5 12. Na3 bxa4 13. Nb5 Bc6 14. Na3 b5 15. Nd2 Be7 16. Naxc4 bxc4 17. Nxc4 dxc4 18. Bxc4 O-O 19. Bd3 Qc7 20. Qh5 Qb7
21. f3 Qa7 22. Bh6 Ndxe5 23. Bxg6 Nxg6
0-1

[Event "Viva Zidane! (French Defense) "]
[Site "SchemingMind.com"]
[Date "2006.08.26"]
[Round "-"]
[White "iain"]
[Black "Dr_Pat"]
[Result "0-1"]
[WhiteCountry "USA"]
[BlackCountry "USA"]
[WhiteElo "1395"]
[WhiteRD "54"]
[BlackElo "1490"]
[BlackRD "48"]
[GameID "65231"]

1. e4 e6 2. d4 d5 3. e5 c5 4. c3 Nc6 5. Nf3 Nge7 6. Bd3 Nf5 7. O-O cxd4 8. cxd4 Nfxd4 9. Nc3 Be7 10. Nxd4 Nxd4
11. Bxh7 Rxh7 12. Qxd4 b6 13. Nb5 Ba6 14. Qd3 Rh8 15. Nd6+ Bxd6 16. Qxa6 Bxe5 17. Qb5+ Kf8 18. f4 Bd4+ 19. Kh1 Rxh2+ 20. Kxh2 Qh4#
0-1

[Event "Viva Zidane! (French Defense) "]
[Site "SchemingMind.com"]
[Date "2006.08.26"]
[Round "-"]
[White "iain"]
[Black "GrischukFan"]
[Result "0-1"]
[WhiteCountry "USA"]
[BlackCountry "GER"]
[WhiteElo "1395"]
[WhiteRD "54"]
[BlackElo "2073"]
[BlackRD "119"]
[GameID "65233"]

1. e4 e6 2. d4 d5 3. e5 c5 4. c3 Nc6 5. Bb5 Bd7 6. Nf3 Nxe5 7. Bxd7+ Nxd7 8. O-O Ngf6 9. Re1 cxd4 10. Nxd4 Bc5
11. Bg5 Qb6 12. b4 Bd6 13. Nxe6 fxe6 14. Rxe6+ Kf7 15. Bxf6 Nxf6 16. Re1 Rhe8 17. Nd2 Rxe1+ 18. Qxe1 Re8 19. Qf1 Qc7 20. Qd3 Bxh2+
21. Kf1 Bf4 22. Nf3 Rc8 23. g3 Qxc3 24. Rd1 Qxd3+ 25. Rxd3 Bd6 26. Ng5+ Kg6 27. Ne6 Re8 28. Nf4+ Bxf4 29. gxf4 Re4 30. Rg3+ Kf5
31. Rxg7 Rxb4 32. a3 Ra4 33. Rxb7 Rxa3 34. Kg2 a5 35. f3 a4
0-1

[Event "Viva Zidane! (French Defense) "]
[Site "SchemingMind.com"]
[Date "2006.08.26"]
[Round "-"]
[White "iain"]
[Black "Mariazb"]
[Result "0-1"]
[WhiteCountry "USA"]
[BlackCountry "ARG"]
[WhiteElo "1395"]
[WhiteRD "54"]
[BlackElo "1996"]
[BlackRD "101"]
[GameID "65234"]

1. e4 e6 2. d4 d5 3. e5 c5 4. c3 Nc6 5. Nf3 Qb6 6. Na3 cxd4 7. Bb5 Bxa3 8. Bxc6+ Qxc6 9. Nxd4 Qc4 10. Qe2 Qxe2+
11. Nxe2 Bc5 12. O-O Ne7 13. Nd4 O-O 14. b4 Bb6 15. a4 Bc7 16. f4 Bd7 17. b5 Bb6 18. Be3 f6 19. Rfe1 fxe5 20. fxe5 Rac8
21. Rac1 Rc4 22. Nb3 Bxe3+ 23. Rxe3 b6 24. Ra1 Nf5 25. Rf3 Rfc8 26. Rc1 Rxa4 27. h3 h5 28. Ra1 Rxa1+ 29. Nxa1 Bxb5 30. Nb3 a5
31. g4 a4 32. Nd4 Nxd4 33. cxd4 hxg4 34. hxg4 Rc1+ 35. Kg2 Bf1+ 36. Rxf1 Rxf1 37. Kxf1 a3
0-1

[Event "Viva Zidane! (French Defense) "]
[Site "SchemingMind.com"]
[Date "2006.08.26"]
[Round "-"]
[White "iain"]
[Black "Dread"]
[Result "0-1"]
[WhiteCountry "USA"]
[BlackCountry "GER"]
[WhiteElo "1395"]
[WhiteRD "54"]
[BlackElo "1895"]
[BlackRD "83"]
[GameID "65235"]

1. e4 e6 2. d4 d5 3. e5 c5 4. Nf3 cxd4 5. Nxd4 Ne7 6. Bb5+ Bd7 7. Bxd7+ Nxd7 8. Nf3 Ng6 9. O-O Ngxe5 10. Nc3 Bd6
11. Nd4 Qh4 12. h3 O-O 13. Ndb5 Bc5 14. Qe2 a6 15. Nc7 Rac8 16. N7xd5 exd5 17. Nxd5 Rfe8 18. Qd2 Nf3+ 19. gxf3 Qg3+ 20. Kh1 Qxh3+
21. Kg1 Rc6 22. Qg5 Bxf2+ 23. Kxf2 Qh2+ 24. Qg2 Rxc2+
0-1

[Event "Viva Zidane! (French Defense) "]
[Site "SchemingMind.com"]
[Date "2006.08.26"]
[Round "-"]
[White "iain"]
[Black "Marcos Natal"]
[Result "1-0"]
[WhiteCountry "USA"]
[BlackCountry "BRA"]
[WhiteElo "1449"]
[WhiteRD "57"]
[BlackElo "1451"]
[BlackRD "117"]
[GameID "65236"]

1. e4 e6 2. d4 d5 3. e5 Bb4+ 4. c3 Ne7 5. cxb4 Ng6 6. Bd3 Nc6 7. b5 Nxd4 8. Bxg6 Nxb5 9. Nf3 hxg6 10. O-O Bd7
11. Nd4 Nxd4 12. Qxd4 O-O 13. Nc3 f6 14. exf6 gxf6 15. Bh6 Rf7 16. f4 Rh7 17. Nxd5 Rxh6 18. Nxf6+ Kf7 19. Nxd7 Ke7 20. Rad1 b6
21. Qf6+ Ke8 22. Qxd8+ Rxd8 23. Nf6+ Ke7 24. Ng4 Rh7 25. Rxd8 Kxd8 26. Nf6 Rf7 27. Rd1+ Ke7 28. Ng8+ Ke8 29. g3 a5 30. Nh6 Rh7
31. Ng4 Rg7 32. h4 Ke7 33. Ne5 Kf6 34. Nd7+ Kf5 35. Kg2 b5 36. Kf3 a4 37. g4#
1-0

[Event "Viva Zidane! (French Defense) "]
[Site "SchemingMind.com"]
[Date "2006.08.30"]
[Round "-"]
[White "Louis Lima"]
[Black "iain"]
[Result "1-0"]
[WhiteCountry "ESP"]
[BlackCountry "USA"]
[WhiteElo "1657"]
[WhiteRD "49"]
[BlackElo "1395"]
[BlackRD "54"]
[GameID "65238"]

1. e4 e6 2. d4 Nf6 3. e5 Nd5 4. c4 Nb6 5. Nf3 Be7 6. Bd3 O-O 7. h4 d5 8. c5 Nc4 9. Qc2 b5 10. Bxh7+ Kh8
11. Ng5 Bxg5 12. hxg5 g6 13. Bxg6+ Kg7 14. Rh7+ Kg8 15. Bxf7+ Rxf7 16. Qg6+
1-0

[Event "Viva Zidane! (French Defense) "]
[Site "SchemingMind.com"]
[Date "2006.08.26"]
[Round "-"]
[White "markjburden"]
[Black "iain"]
[Result "1-0"]
[WhiteCountry "GBR"]
[BlackCountry "USA"]
[WhiteElo "1613"]
[WhiteRD "71"]
[BlackElo "1395"]
[BlackRD "54"]
[GameID "65239"]

1. e4 e6 2. d4 d5 3. e5 c5 4. c3 Nc6 5. Be3 cxd4 6. cxd4 Bb4+ 7. Nc3 Nge7 8. Bd3 O-O 9. Ne2 a6 10. a3 Bxc3+
11. Nxc3 Nf5 12. Bxf5 exf5 13. O-O Be6 14. b4 b5 15. Rc1 Qb6 16. Ne2 a5 17. bxa5 Rxa5 18. Qd3 f6 19. Nf4 Re8 20. exf6 gxf6
21. Nxe6 Rxe6 22. Qxf5 Nxd4 23. Rc8+ Kg7 24. Qg4+ Kf7 25. Qg8+ Ke7 26. Qxh7+ Kd6 27. Bf4+ Re5 28. Bxe5+ Kxe5 29. f4+ Ke6 30. Re8+ Kd6
31. Qe7+ Kc6 32. Rc8+
1-0

[Event "Viva Zidane! (French Defense) "]
[Site "SchemingMind.com"]
[Date "2006.08.26"]
[Round "-"]
[White "Dr_Pat"]
[Black "iain"]
[Result "1-0"]
[WhiteCountry "USA"]
[BlackCountry "USA"]
[WhiteElo "1490"]
[WhiteRD "48"]
[BlackElo "1395"]
[BlackRD "54"]
[GameID "65240"]

1. e4 e6 2. d4 d5 3. e5 Nc6 4. Nf3 f6 5. Bd3 Be7 6. O-O fxe5 7. Nxe5 Nxd4 8. Qh5+ g6 9. Bxg6+ Kf8 10. Bh6+ Nxh6
11. Qxh6+ Kg8 12. Bf7#
1-0

[Event "Viva Zidane! (French Defense) "]
[Site "SchemingMind.com"]
[Date "2006.08.27"]
[Round "-"]
[White "GrischukFan"]
[Black "iain"]
[Result "1-0"]
[WhiteCountry "GER"]
[BlackCountry "USA"]
[WhiteElo "2073"]
[WhiteRD "119"]
[BlackElo "1395"]
[BlackRD "54"]
[GameID "65242"]

1. e4 e6 2. d4 d5 3. Nc3 c6 4. Nf3 dxe4 5. Nxe4 Nf6 6. Nxf6+ Qxf6 7. Bd3 Be7 8. Bg5 Qxg5 9. Nxg5 Bxg5 10. Qg4 f6
11. Qh5+ g6 12. Bxg6+ Ke7 13. g3 h6 14. h4 Na6 15. hxg5 fxg5 16. f4 Rd8 17. Qxh6 Bd7 18. Qxg5+ Kd6 19. Qe5+ Ke7 20. Rh7+
1-0

[Event "Viva Zidane! (French Defense) "]
[Site "SchemingMind.com"]
[Date "2006.08.26"]
[Round "-"]
[White "Mariazb"]
[Black "iain"]
[Result "1-0"]
[WhiteCountry "ARG"]
[BlackCountry "USA"]
[WhiteElo "1968"]
[WhiteRD "136"]
[BlackElo "1400"]
[BlackRD "54"]
[GameID "65243"]

1. e4 e6 2. Nc3 d5 3. d4 Nc6 4. Nf3 Bb4 5. Bd3 Nge7 6. O-O Bxc3 7. bxc3 O-O 8. exd5 Nxd5 9. c4 Ndb4 10. Bxh7+ Kxh7
11. Ng5+ Kg8 12. Qh5 f6 13. Qh7#
1-0

[Event "Viva Zidane! (French Defense) "]
[Site "SchemingMind.com"]
[Date "2006.08.26"]
[Round "-"]
[White "Dread"]
[Black "iain"]
[Result "1-0"]
[WhiteCountry "GER"]
[BlackCountry "USA"]
[WhiteElo "1895"]
[WhiteRD "83"]
[BlackElo "1395"]
[BlackRD "54"]
[GameID "65244"]

1. e4 e6 2. d4 d5 3. e5 c5 4. Nf3 c4 5. c3 Nc6 6. Nbd2 Be7 7. Be2 Nh6 8. O-O O-O 9. Qc2 f6 10. b3 fxe5
11. Nxe5 Bf6 12. Nxc6 bxc6 13. Ba3 Rf7 14. bxc4 Nf5 15. Nf3 Ba6 16. cxd5 exd5 17. Bxa6 Rb8 18. Qxf5 Bxd4 19. Qe6 h6 20. cxd4
1-0

[Event "Viva Zidane! (French Defense) "]
[Site "SchemingMind.com"]
[Date "2006.08.26"]
[Round "-"]
[White "Marcos Natal"]
[Black "iain"]
[Result "1-0"]
[WhiteCountry "BRA"]
[BlackCountry "USA"]
[WhiteElo "1451"]
[WhiteRD "117"]
[BlackElo "1449"]
[BlackRD "57"]
[GameID "65245"]

1. e4 e6 2. Nc3 d5 3. d4 dxe4 4. Nxe4 Nf6 5. Bg5 Be7 6. Nxf6+ Bxf6 7. Bxf6 Qxf6 8. Nf3 O-O 9. Be2 Nc6 10. O-O e5
11. dxe5 Nxe5 12. Nxe5 Qxe5 13. b3 c5 14. c4 Bf5 15. Re1 Rad8 16. Qc1 a6 17. Bf3 Qd4 18. h3 Rfe8 19. Bxb7 Rxe1+ 20. Qxe1 g6
21. Bxa6 Qf6 22. Bb7 Qb6 23. Qe7 Rd7 24. Qe8+ Kg7 25. Bd5 Rxd5 26. cxd5 Qd6 27. Rd1 Bc2 28. Rd2 Bb1 29. Qc6 Qf4 30. Rd1 Bxa2
31. Qxc5 Bxb3 32. Qd4+ Qxd4 33. Rxd4
1-0